000 00578nab a2200229 a 4500
001 38799
003 107170
005 20201118101457.0
008 ||||||n9999 ||| || ||
041 _aspa
245 0 _aSolo buenas intenciones
260 _aBogotá :
_bCarvajal,
_c1997.
300 _app.25-32
562 _e0
650 _aESTADOS UNIDOS
650 _aPOLÍTICA EXTERIOR
650 _aPOLÍTICA GUBERNAMENTAL
650 _aPRESIDENTES
650 _aRELACIONES INTERNACIONALES
773 _038785
_aSumma Internacional - No.115 (1997)
942 _cSART
999 _c38799
_d38799